Statistics for Cities in Florida with 4 Year Colleges

Click here to take the quiz!

General Stats

  • This quiz has been taken 97 times
    (22 since last reset)
  • The average score is 10 of 13

Answer Stats

SchoolCity% Correct
FIUMiami
100%
UCFOrlando
100%
UNFJacksonville
95%
FSUTallahassee
95%
FAMUTallahassee
95%
UFGainesville
91%
USFTampa
91%
FGCUFort Myers
59%
UWFPensacola
59%
USFSPSt. Petersburg
59%
NCFSarasota
45%
USFSMSarasota
45%
FAUBoca Raton
36%

Score Distribution

Percentile by Number Answered

Percent of People with Each Score

Your Score History

You have not taken this quiz since the last reset